000 00468nam a2200193 a 4500
001 1766046744139
003 YourLibrary
005 20251222113205.0
008 251218s2001##################000#0#eng##
020 _a9780877887348
082 0 4 _a220
_bREA
100 1 _aReapsome, James,
_eauthor.
245 1 0 _aRomans :
260 _bShaw Books,
_c2001.
300 _a114 pages
650 0 _aReligion.
942 _cENGLISH
040 _aYourLibrary
_beng
_cYourLibrary
999 _c603953
_d603953